| 000 | 00688cam a2200241 4500 | ||
|---|---|---|---|
| 008 | 090401t1992 xxu||||| |||| 00| 0 eng d | ||
| 020 | _a0582059356 | ||
| 035 | _a(Sirsi) u18506 | ||
| 041 | _aeng | ||
| 050 | _a692.8 | ||
| 100 | _aHughes, G.A. | ||
| 245 | _aBuilding and civil engineering claims in perspective | ||
| 250 | _a3rd. | ||
| 260 |
_aHarlow, Essex _bLongman Scientific & Technical _c1992 |
||
| 300 | _axxiii, 387p. ; 30cm. | ||
| 350 | _a49.99 | ||
| 650 | _aBUILT ENVIRONMENT-BUILDING CONTRACT FORMS | ||
| 650 | _aCIVIL ENGINEERING CONTRACTS | ||
| 690 | _aBUILT ENVIRONMENT-BUILDING CONTRACT FORMS | ||
| 700 | _aBarber, J.N. | ||
| 942 | _n0 | ||
| 948 | _c04/03/1997 | ||
| 999 |
_c87599 _d87599 |
||